General Knowledge Quiz #2 - Statistics

General Stats
  • This quiz has been taken 59 times
  • The average score is 9 of 20
Answer Stats
Question Answer % Correct
Tallest Land Animal Giraffe
87%
Most Popular American Food Hamburger
87%
Iron Man Actor Robert Downey Jr.
83%
Hottest Planet in the Solar System Venus
77%
Lilo's Best Friend Stitch
74%
Study of Living Organisms Biology
68%
Teddy Bear Was Named After Him Theodore Roosevelt
68%
Country Where the Kilimanjaro is located Tanzania
57%
Creator of the Lightning Rod Benjamin Franklin
51%
The Blue Ninja Turtle Leonardo
51%
Last Tsar of Russia Nicholas II
45%
Closest Relative to Humans (Extinct) Neanderthal
43%
Ancient Greek God of the Sun Apollo
32%
Popular Sandbox Game by Notch Minecraft
23%
Artist With Most Streams on Spotify Drake
21%
Largest Dog Breed Mastiff
15%
Breed Used For Dog Racing Husky
11%
Most Popular Song of 2023 "Flowers" Miley Cyrus
6%
Blue Ribbon Sports Nike
2%
Animal With Longest Life (500 Years) Ocean Quahog Clam
2%
No matching quizzes found
Score Distribution
Percent of People with Each Score
Percentile by Number Answered
Your Score History
You have not taken this quiz